Countries in Marvel Comics by Flag - Statistics

General Stats
  • This quiz has been taken 25 times
  • The average score is 10 of 35
Answer Stats
Picture Hint Answer % Correct
Africa Kingdom of Wakanda
86%
Europe Kingdom of Latveria
76%
Europe Republic of Sokovia
67%
Africa Republic of Genosha
52%
Asia Principality of Madripoor
48%
Oceania Nation of Krakoa
38%
Africa Kingdom of Canaan
33%
Europe Kingdom of Symkaria
33%
Europe Republic of Carpasia
33%
Europe Republic of Transia
33%
Europe Kingdom of Belgriun
29%
Africa Kingdom of Halwan
29%
Africa Republic of Azania
29%
South America Republic of Bosqueverde
29%
Central America Republic of Costa Verde
29%
South America Republic of Delvadia
29%
Europe Republic of Slorenia
29%
Asia Kingdom of Aqiria
24%
Africa People's Republic of Burunda
24%
Europe Republic of Carnelia
24%
Central America Republic of Costa Salvador
24%
Africa Republic of Imaya
24%
Europe Republic of Morvania
24%
Africa Republic of Rudyarda
24%
Europe Republic of Rumekistan
24%
Africa Blessed Kingdom of Mbangawi
19%
Asia People's Republic of Sin-Cong
19%
North America Republic of Terra Verde
19%
South America San Gusto
19%
South America Federative Republic of Estrella
14%
South America Republic of Tierra Verde
14%
Asia Arab Republic of Mazikhandar
10%
South America Republic of Medisuela
10%
Europe Republic of Vorozheika
10%
South America San Domingo
10%
No matching quizzes found
Score Distribution
Percent of People with Each Score
Percentile by Number Answered
Your Score History
You have not taken this quiz